Statistics for VICTORiOUS Theme Song Lyrics Quiz (First Verse)

Click here to take the quiz!

General Stats

  • This quiz has been taken 4,279 times
  • The average score is 14 of 19

Answer Stats

LineAnswer% Correct
Here I am, once _____again
100%
Feeling ____, but now and thenlost
95%
I breathe it in, to ___ it __let, go
91%
And you don't know _____ you are ___where, now
83%
(Chorus) You don't have to be ______afraid
80%
Get lost in the _________moment
76%
You'll be the ____ __________main attraction
76%
If only somebody could ____hear
74%
When you ______ out ___figure, how
72%
To put your _____ in ______dream, action
72%
You _________disappear
66%
When I _____ it ______make, shine
66%
Not a ________, just _________ mefantasy, remember
65%
Or ____ it would _____ towhat, come
64%
When it ______ out _____turns, right
63%
Tomorrow you'll be everybody's _____________fascination
61%
'Cause you know that if you ____ in your _________live, imagination
55%
You're never gonna ____fade
54%
In my ________, just ___________ mevictory, remember
54%

Score Distribution

Percentile by Number Answered

Percent of People with Each Score

Your Score History

You have not taken this quiz